00402nam a2200109Ia 4500008004100000020001800041245012000059260003100179440003000210650000800240856004400248171212s9999 xx 000 0 und d a9781906924454 ceditor Dulong de Rosnay, Melanie;De Martin, Juan CarlosaThe Digital Public DomainbFoundations for an Open Culture bOpen Book Publishersc2012 aDigital Humanities Series aLaw uhttp://www.jstor.org/stable/j.ctt5vjsx3